Veselé historky slovenské lidový humor. Příběhy spisovatelů a politiků

Bibliographic Details
Main Author: Pacált, Miroslav, 1893-1958 (Author)
Format: Book
Language:Czech
Slovak
PhysicalDescription:93, [3] s. 8°
Published: Bratislava n. vl. 1932
Subjects:

MARC

LEADER 00000nam a2200000 a 4500
001 vtls008389138
003 SK-MaSNL
005 20260302004111.0
008 251124s1932 xo cze
015 |a SKSNBA19191938-015412 
035 |a SK01SNKBSKHR20020081355 
035 |a SKM000083818 
040 |a SNK  |b slo  |c SNK  |e AACR2 
041 1 |a cze  |a slo 
044 |a xo  |a xr 
080 |a 885.4  |2 1981 
100 1 |a Pacált, Miroslav,  |d 1893-1958  |4 aut  |9 174199 
245 1 0 |a Veselé historky slovenské  |b lidový humor. Příběhy spisovatelů a politiků  |c Miroslav Pácalt : Dušan Porubský a jeho kamarádi 
260 |a Bratislava  |b n. vl.  |c 1932  |e Nový Jičín  |f Kryl a Scotti 
300 |a 93, [3] s.  |c 8° 
650 0 7 |a príbehy humoristické slovenské  |2 SNK  |9 452207 
655 7 |a umelecká literatúra  |2 SNKPH  |9 60405 
852 |a Univerzitná knižnica v Bratislave  |b 300000  |h SF 2320 
958 |a OND 
958 |a RK 
958 |a TL 
999 |c 994621  |d 996551 
952 |a SNK  |b SNK  |y PREZ  |7 0  |p 17A0523418  |o snkSD 14719  |i snk472/58  |0 0  |1 0  |4 0  |d 2006-10-13  |l 0  |r 2025-11-27 00:00:00  |w 2026-02-24